Online
Catalog

Raíces y memorias : (Record no. 16230)

MARC details
000 -CABECERA
campo de control de longitud fija 00614nam a2200181 a 4500
001 - NÚMERO DE CONTROL
campo de control 000016697
005 - FECHA Y HORA DE LA ÚLTIMA TRANSACCIÓN
campo de control 20200929164941.0
008 - DATOS DE LONGITUD FIJA--INFORMACIÓN GENERAL
campo de control de longitud fija 100309s20uu dr ac 001 0 spa d
040 ## - FUENTE DE LA CATALOGACIÓN
Centro catalogador/agencia de origen DO-SdBNP
Lengua de catalogación spa
Centro/agencia transcriptor BNPHU
082 ## - NÚMERO DE LA CLASIFICACIÓN DECIMAL DEWEY
Número de clasificación xxxx
Número de documento/Ítem G633r
049 ## - FONDOS LOCALES (OCLC)
Fondos de biblioteca BNPD
100 1# - ENTRADA PRINCIPAL--NOMBRE DE PERSONA
Nombre de persona Goméz Nin, José
9 (RLIN) 37054
245 10 - MENCIÓN DE TÍTULO
Título Raíces y memorias :
Resto del título nostálgias de un provinciano /
Mención de responsabilidad, etc. José Goméz Nin.
246 14 - FORMA VARIANTE DE TÍTULO
Título propio/Titulo breve Raíces y memorias :
Resto del título nostálgias de un provinciano
260 ## - PUBLICACIÓN, DISTRIBUCIÓN, ETC.
Lugar de publicación, distribución, etc. [Santo Domingo] :
Nombre del editor, distribuidor, etc. s.e],
Fecha de publicación, distribución, etc. 200?].
300 ## - DESCRIPCIÓN FÍSICA
Extensión 114 p. :
Otras características físicas il., retrs. ;
Dimensiones 21 cm.
500 ## - NOTA GENERAL
Nota general Incluye datos biográficos del autor en la contracubierta
Holdings
Estado de retiro Estado de pérdida No para préstamo Código de colección Localización permanente Ubicación/localización actual Ubicación en estantería Fecha de adquisición Número de inventario Total de préstamos Signatura topográfica completa Código de barras Fecha visto por última vez Precio válido a partir de Tipo de ítem Koha
      Patrimonio Dominicano General General Orden iniciada 09.03.2010 LF1   xxxx G633r 16697-30 25.06.2020 25.06.2020 Libro y Folleto Colección Patrimonio Dominicano
      Patrimonio Dominicano Patrimonio Dominicano Patrimonio Dominicano Orden iniciada 09.03.2010 LF1   xxxx G633r 16697-10 25.06.2020 25.06.2020 Libro y Folleto Colección Patrimonio Dominicano
      Patrimonio Dominicano Patrimonio Dominicano Patrimonio Dominicano Orden iniciada 09.03.2010 LF1   xxxx G633r 16697-20 25.06.2020 25.06.2020 Libro y Folleto Colección Patrimonio Dominicano

Powered by Koha